000 00385nam a2200133Ia 4500
005 20260328101511.0
008 260328s9999||||xx |||||||||||||| ||und||
100 _aDickinson, Robert E.
245 0 _aCiudad, Región y Regionalismo :
_b Contribución geoGráfica a la ecología Humana /
_cRobert E. Dickinson
260 _bOmega
300 _a384 p.
650 _aURBANISMO
942 _cBK
999 _c9214
_d9214